| 000 | 00643nam a22002057a 4500 | ||
|---|---|---|---|
| 005 | 20230209162029.0 | ||
| 008 | s2003 eng d | ||
| 020 | _a0198782667 | ||
| 041 | _aeng | ||
| 050 | _aDC412 E46P 2003 | ||
| 100 | 0 | _aElgie, Robert | |
| 245 | 1 | 0 | _aPolitical institutions in Contemporary France |
| 260 | 3 |
_aNew York : _bOxford University Press, _c2003 |
|
| 300 |
_a274 p. ; _b 24 cm. |
||
| 650 | 0 | 4 | _aFrance -- Politics and government -- 1958-- |
| 850 | _aNALT | ||
| 942 |
_cGB _04 |
||
| 997 | _c000000000039431 | ||
| 998 |
_aAREERAT VICHACHANG _j8 _k นายบัณฑิต อุทาวงค์ |
||
| 999 |
_c39431 _d39431 |
||